00861nam a2200217 a 450000500170000000800410001702000180005804000480007604100080012424501540013226000700028630000190035650400410037565000290041665000250044565000270047070000310049770000330052870000350056170000470059620160923084207.0160923s2016 ck gr 000 0 spa d a9789585939202 aCO-BoUCMbspacEdgar PinilladEdgar Pinilla0 aspa aLecciones y experiencias comparadas sobre la enseñanza del derechocMaría Inés Bergoglio...[y otros] ; editor José Saúl Trujillo González aSabaneta (Antioquia, Colombia)bFondo Editorial Unisabanetac2016 a405, páginas aIncluye referencias bibliográficas04aDerecho como profesión04aDerechoxEnseñanza04aDerechoxMetodología1 aBergoglio, María Inés 1 aGarcía Jaramillo, Leonardo1 aCataño Gómez, Paola Andrea1 aTrujillo González, José Saúleeditor